000 01156cad a22002415a 4500
001 L153362
008 120619s20110715xxkdo f 000 0 eng d
035 _a(Sirsi) u153362
041 0 _aeng
050 0 4 _a333.33 $2 18
110 2 _aSavills Research
_95211
245 0 0 _aPrime London residential markets
_bSummer 2011
_h[electronic resource]
260 _aLondon
_bSavills
_c2011
490 0 _aSavills Research Residential Market in Minutes Prime London Residential Markets
_vSummer 2011
520 _aPrime residential market in London for the first half 2011. Savills Prime London Index shows growth of 6.3% between January and June 2011. Prime London forecasts upgraded in light of strong performance with prime central London predicting 8% growth and rest of London prime predicting 6% growth.
521 _aAdvanced
590 _aKA
650 2 4 _aSAVILLS MARKET IN MINUTES
651 4 _aUnited Kingdom
_y
690 _aPROPERTY-RESIDENTIAL PROPERTY
856 4 0 _uhttps://pdf.euro.savills.co.uk/uk/market-in-minute-reports/market-in-minutes---prime-london-q211.pdf
_zView the report after free registration at www.savills.co.uk
942 _n0
999 _c112484
_d112484